000 01085nam a2200349 i 4500
001 28183
003 KOSZ 005
005 20221124103052.0
008 981118s1985 pl |001 0 pol
015 _aPB 1985/6640
020 _a8301001143
040 _aWA N
_cWA N
_dKOSZ 005/HR
041 0 _apol
080 _a17
100 1 _aTatarkiewicz, Władysław
_d(1886-1980)
_eAutor
245 1 0 _aO szczęściu /
_cWładysław Tatarkiewicz.
250 _a[Wyd. 8].
260 _aWarszawa :
_bPaństwowe Wydawnictwo Naukowe,
_c1985.
300 _a575, [1] s. ;
_c20 cm.
336 _2rdacontent
_aTekst
_btxt
337 _2rdamedia
_aBez urządzenia pośredniczącego
_bn
338 _2rdacarrier
_aWolumin
_bnc
380 _aKsiążki
388 _a1901-2000
388 _a1945-1989
504 _aIndeks.
650 4 _aSzczęście
658 _aFilozofia i etyka
710 2 _aPaństwowe Wydawnictwo Naukowe
_4pbl
856 _uhttp://koha.tu.koszalin.pl/cgi-bin/koha/opac-detail.pl?biblionumber=28183
_yKatalog online BPK
942 _2UKD
_cKS
999 _c28183
_d28183